Taylor Swift - Devine la chanson sans indices #54 - Statistiques

Statistiques générales
  • Ce quiz a été pris 282 fois
  • Le résultat moyen est 248 sur 366
Statistiques - réponses
Réponse % Correct
I
100%
you
99%
the
97%
The
97%
love?
95%
love
95%
me
93%
do
91%
we
91%
your
91%
Your
91%
be
90%
to
90%
my
88%
My
88%
is,
87%
is
87%
it
87%
It
87%
on
87%
who
86%
in
85%
was
85%
when
84%
where
84%
That
82%
that
82%
This
82%
this
82%
go
80%
All
79%
all
79%
and
79%
And
79%
I'm
79%
don't
76%
can
75%
with
75%
"Have
74%
have
74%
are
72%
say
72%
say,
72%
were
72%
am,
70%
its
68%
too
68%
I'll
67%
know
67%
of
67%
There
67%
enchanted
65%
meet
65%
night
65%
if
63%
Like
63%
see
63%
knew
62%
Not
62%
as
60%
someone
60%
would
60%
again
59%
else
59%
let
59%
Please
58%
way
58%
somebody
57%
waiting
57%
first
56%
home
56%
wonder
56%
at
54%
I'd
54%
sparkling,
54%
enchanting
53%
forever
53%
tonight
53%
met?"
52%
saw
51%
up
51%
will
50%
back
49%
back,
49%
eyes
49%
smiles
49%
face
48%
wondering
48%
faking
47%
make
47%
very
47%
wonderstruck,
47%
now
45%
These
44%
until
43%
blushing
42%
name,
42%
story
42%
2
41%
alone
41%
ends
41%
flawless,
41%
silhouette
41%
spend
41%
whispered,
41%
door
40%
Forcing
40%
leaving
39%
line
39%
place
39%
soon
39%
room
38%
echo
37%
words
37%
laughter,
36%
old
36%
praying
36%
held
35%
page
35%
Same
35%
Starts
35%
starts
35%
'til
34%
awake
33%
'Cross
33%
dancing
33%
"Hey"
33%
quick
33%
vacancy
33%
lonely
32%
remarks
32%
thoughts
32%
conversation
31%
Vanished
30%
Walls
30%
Wishing
30%
around
29%
tired,
29%
wide
29%
forth
28%
kept
27%
open
27%
shifting
27%
insincerity,
26%
passing
26%
secrecy
26%
pacing
25%
playful
25%
notes
23%
question
23%
Counter
20%
lingering
17%
Aucun quiz correspondant
Distribution des résultats
% des personnes avec chaque résultat
Percentile par nombre de réponses
Votre historique - résultats
Vous n’avez pas pris ce quiz